1428 1294 1418 1874 1292 1043 1157 1255 1672 1140 1670 1651 1075 1868 1437 1186 1923 1457 1121 1952 1265 1829 1939 1826 1664 1584 1970 1729 1196 1775 1912 1499 1441 1174 1286 1977 1120 1974 1890 1669 1765 1887 1487 1779 1212 1316 1515 1958 1771 1519 1257 1609 1301 1436 1382 1744 1357 1882 1247 1526 1213 1583 1658 1685 1672 1486 1700 1306 1679 1192 1847 1208 1567 1046 1750 1272 1416 1692 1395 1502 1582 1996 1083 1283 1043 1824 1411 1092 1123 1791 1713 1837 1919 1202 1907 1381 1692 1770 1678 BCNSPRNW ULIB Ver.6.0+V

เปลี่ยนเป็นภาษาไทย

Change to English
 แสดงรายละเอียดบรรณานุกรม
  กลับหน้าหลัก

Brief Record : Get Marc (ISO 2709) : E-mail record : QR code < ปิดหน้าต่าง
LEADER : 00000nam 2200000uu 4500
001    13399125004
003     ULIB
008    160529s2558||||th 000 0 tha d
020    ^a9786162712517
060 04 ^aQZ50^bค181
245 00 ^aความรู้พื้นฐานที่จำเป็นทางห้องปฏิบัติการเวชพันธุศาสตร์ =^bEssentialknowledge in medical genetics laboratory /^cสินิจธร รุจิระบรรเจิด, [บรรณาธิการ]
246 31 ^aEssential knowledge in medical genetics laboratory
250    ^aพิมพ์ครั้งที่ 1
260    ^aกรุงเทพฯ :^bสหมิตรพัฒนาการพิมพ์ (1992),^c2558
300    ^a196 หน้า :^bภาพประกอบ (ภาพสีบางภาพ) ;^c26 ซม.
505 0  ^a... สารพันธุกรรมของมนุษย์และความรู้พื้นฐานของพันธุศาสตร์ ... การวิเคราะห์พันธุประวัติ ... ความผิดปกติและความแปรผันของโครโมโซมที่พบบ่อยในบุคคลปกติ ... เทคนิคพื้นฐานทางอณูพันธุศาสตร์ ... ปฎิกิริยาพีซีอาร์แบบต่างๆ ... เทคนิคพิเศษทางเวชพันธุศาสตร์ ... การตรวจทางห้องปฎิบัติการในโรคพันธุกรรมที่พบบ่อย ... การตรวจสารพันธุกรรมในผู้ป่วยปัญญาอ่อนและพัฒนาการช้า ... การตรวจความผิดปกติทางพันธุกรรมของทารกในครรภ์ก่อนคลอด ... การควบคุมคุณภาพของห้องปฎิบัติการเวชพันธุศาสตร์
650  2 ^aGenetics, Medical
650  7 ^aเวชพันธุศาสตร์
650  7 ^aพันธุศาสตร์มนุษย์
700 0  ^aสินิจธร รุจิระบรรเจิด,^eบรรณาธิกา
856    ^z20160317135128_4915.pdf (Content)^uhttp://ulibm.bcnsprnw.ac.th/ULIB6//_fulltext/5/13399125004/20160529135921_4688.pdf
945    ^p540^l0^i001026
945    ^p540^l0^i001027
999    ^aเกษร โพธิ์สุวรรณ
รายการนี้ยังไม่มีแท็ก
คุณยังไม่ได้ล็อกอิน คุณสามารถมีกิจกรรมร่วมกับเว็บไซต์ได้ แต่ต้องล็อกอินก่อน ::
  ล็อกอิน

รายการสื่อสารสนเทศ

ลำดับที่ ประเภท เลขเรียก/บาร์โค้ด สถานที่ สถานะ
1. วิทยาศาสตร์การแพทย์ และสุขภาพ
วิทยาศาสตร์การแพทย์ และสุขภาพ
สถานะ=หนังสือเก่า
QZ50 ค181 ฉ.1 
  Barcode: 001026
ห้องสมุดวิทยาเขตสวรรค์ประชารักษ์
►ส่วนจัดเก็บหนังสือเก่า สปร
บนชั้น
  ขอยืม
2. วิทยาศาสตร์การแพทย์ และสุขภาพ
วิทยาศาสตร์การแพทย์ และสุขภาพ
สถานะ=หนังสือเก่า
QZ50 ค181 ฉ.2 
  Barcode: 001027
ห้องสมุดวิทยาเขตสวรรค์ประชารักษ์
►ส่วนจัดเก็บหนังสือเก่า สปร
บนชั้น
  ขอยืม

รายการใกล้เคียง
    หัวเรื่อง [Genetics, Medical]
    หัวเรื่อง [เวชพันธุศาสตร์]
    หัวเรื่อง [พันธุศาสตร์มนุษย์]

BibComment


ยังไม่เคยถูกคอมเมนท์

คอมเมนท์ทรัพยากรรายการนี้
  คอมเมนท์: ความรู้พื้นฐานที..


 Copyright 2026. Bcnsprnw @Library